Statistiken für Automarken #5

Klicken Sie hier um das Quiz zu spielen!

Allgemein

  • Dieses Quiz wurde 324 mal gespielt
  • Das Durchschnittsergebnis liegt bei 6 aus 7

Antworten auf der Karte

Die Antworten werden auf der Karte rot bzw. grün angezeigt, abhängig davon wie oft sie richtig erraten wurden.
 

Antwortstatistiken

Antwort% Korrekt
Honda
95%
Lamborghini
93%
Porsche
93%
Daewoo
92%
Volvo
92%
Aston Martin
90%
Hummer
89%

Verteilung der Resultate

Perzentil nach korrekt beantworteten Fragen

Anzahl Personen mit jedem Resultat

Ihre Resultats-Entwicklung

Sie haben dieses Quiz noch nicht gespielt